000 00386nam a2200133Ia 4500
008 220217s9999||||xx |||||||||||||| ||und||
020 _a81-224-0111-2
082 _a621.381 32 RAJ
100 _aRaghuram, R
_91920
245 0 _aComputer simulation of electronic circuits
260 _aNew age international private, Ltd.
_bNew Delhi
_c2007
300 _b195
650 _aCIRCUITRY
999 _c177064
_d177064